Living the high life (Record no. 117712)
[ view plain ]
| 000 -LEADER | |
|---|---|
| fixed length control field | 01291cam a2200265 4500 |
| 001 - CONTROL NUMBER | |
| control field | ABS67996 |
| 008 - FIXED-LENGTH DATA ELEMENTS--GENERAL INFORMATION | |
| fixed length control field | 040715n2004 000 0 eng u |
| 035 ## - SYSTEM CONTROL NUMBER | |
| System control number | (Sirsi) u126799 |
| 100 ## - MAIN ENTRY--PERSONAL NAME | |
| Personal name | Dobie, A. |
| 245 ## - TITLE STATEMENT | |
| Title | Living the high life |
| 260 ## - PUBLICATION, DISTRIBUTION, ETC. | |
| Date of publication, distribution, etc. | 2004 |
| 490 ## - SERIES STATEMENT | |
| Series statement | RICS Business |
| Volume/sequential designation | July/August 2004, 22-24(3) |
| 520 ## - SUMMARY, ETC. | |
| Summary, etc. | Reports in detail on the on-going construction of Beetham Tower in Liverpool, the first of a new breed of residential tower. Beetham Tower is located at the edge of Liverpool's central commercial area within a mixed-use development including a hotel, health club and offices. Describes some of the problems overcome and variations made by the main contractor Carillion plc such as the need to incorporate the facades of some listed cottages into the design of the new hotel and the addition of an extra floor to the residential tower to house more penthouses. Second in a series of three articles on the construction life cycle. (See alsoAbs67895). |
| 590 ## - LOCAL NOTE (RLIN) | |
| Local note | ABS |
| 590 ## - LOCAL NOTE (RLIN) | |
| Local note | ABS |
| 650 ## - SUBJECT ADDED ENTRY--TOPICAL TERM | |
| Topical term or geographic name entry element | BIRMINGHAM |
| 650 ## - SUBJECT ADDED ENTRY--TOPICAL TERM | |
| Topical term or geographic name entry element | MANCHESTER |
| 650 ## - SUBJECT ADDED ENTRY--TOPICAL TERM | |
| Topical term or geographic name entry element | CONSTRUCTION LIFE CYCLE |
| 650 ## - SUBJECT ADDED ENTRY--TOPICAL TERM | |
| Topical term or geographic name entry element | TOWER BLOCKS |
| 650 ## - SUBJECT ADDED ENTRY--TOPICAL TERM | |
| Topical term or geographic name entry element | PENTHOUSES |
| 650 ## - SUBJECT ADDED ENTRY--TOPICAL TERM | |
| Topical term or geographic name entry element | HIGH RISE BUILDINGS |
| 650 ## - SUBJECT ADDED ENTRY--TOPICAL TERM | |
| Topical term or geographic name entry element | LIVERPOOL |
| 690 ## - LOCAL SUBJECT ADDED ENTRY--TOPICAL TERM (OCLC, RLIN) | |
| Topical term or geographic name as entry element | BUILDING AND CONSTRUCTION-PROJECTS |
| 942 ## - ADDED ENTRY ELEMENTS (KOHA) | |
| Suppress in OPAC | 0 |
| Withdrawn status | Lost status | Source of classification or shelving scheme | Damaged status | Not for loan | Home library | Current library | Shelving location | Date acquired | Total Checkouts | Full call number | Barcode | Date last seen | Copy number | Price effective from | Koha item type |
|---|---|---|---|---|---|---|---|---|---|---|---|---|---|---|---|
| Dewey Decimal Classification | London | London | Journal article | 15/07/2004 | ABS67996 | 126799-1001 | 06/08/2019 | 1 | 06/08/2019 | Journal article |